La rusia tenebrosa: Rasputín

Salvato in:
Dettagli Bibliografici
Autore principale: Riera, Worsky I (Autore)
Natura: Libro
Lingua:spagnolo
Pubblicazione: Barcelona Iberia 1930
Serie:Obras Sobre Rusia
Soggetti:
Tags: Aggiungi Tag
Nessun Tag, puoi essere il primo ad aggiungerne!!

MARC

LEADER 00000nam a2200000 a 4500
001 UCO1676
003 CL-VaPUC
008 000519e19300000SP |||||||||||||||||spa|d
082 0 4 |a 947.0841  |b RIE  |2 21 
100 0 |a Riera, Worsky I  |e author  |9 444100 
245 1 3 |a La rusia tenebrosa: Rasputín 
300 |a 271 p 
942 |c BK 
945 |d 20000519 00:00:00  |a rherrera 
260 |a Barcelona  |b Iberia  |c 1930 
600 0 7 |a RASPUTIN  |2 CL-VaPUC  |9 438548 
650 7 |a HISTORIA DE RUSIA 1917  |2 CL-VaPUC  |9 442338 
650 7 |a REVOLUCION RUSA 1917  |2 CL-VaPUC  |9 366175 
651 0 |a Rusia   |9 256106 
583 |a last modification  |c 20120830 11:03:58  |k Rodrigo Vera 
490 0 |a Obras Sobre Rusia 
999 |c 288280  |d 288278 
952 |0 0  |1 0  |4 0  |6 947_084100000000000_RIE_1930  |7 0  |8 X  |9 335860  |a BIBHIS  |b BIBHIS  |d 2019-11-20  |i 1282379  |o 947.0841 RIE 1930  |p 1282379  |r 2024-01-30  |w 2019-11-20  |y BK_X  |k HIS